Statistics for Countries That Use the Euro

Click here to take the quiz!

General Stats

  • This quiz has been taken 36,683 times
    (32,630 since last reset)
  • The average score is 17 of 20

Answer Stats

YearCountry% Correct
1999France
98%
1999Germany
97%
1999Spain
97%
1999Italy
95%
1999Portugal
95%
1999Belgium
93%
1999Netherlands
92%
1999Austria
90%
2001Greece
88%
1999Ireland
86%
1999Luxembourg
86%
2023Croatia
85%
2007Slovenia
84%
2009Slovakia
83%
2011Estonia
82%
2014Latvia
82%
2015Lithuania
81%
1999Finland
80%
2008Malta
70%
2008Cyprus
53%

Score Distribution

Percentile by Number Answered

Percent of People with Each Score

Your Score History

You have not taken this quiz since the last reset